Empresa ciudadana: nueva metamorfosis del capital? /
Discute la emergencia de un compromiso ético por parte del capital, enfocando en particular la actuación social de las grandes empresas y sus fundaciones. Doc/PAG
محفوظ في:
| المؤلف الرئيسي: | |
|---|---|
| التنسيق: | نص |
| الموضوعات: | |
| الوسوم: |
إضافة وسم
لا توجد وسوم, كن أول من يضع وسما على هذه التسجيلة!
|
MARC
| LEADER | 00000 a a2200000 04500 | ||
|---|---|---|---|
| 001 | 11942 | ||
| 003 | |||
| 040 | |||
| 100 | |a Meio Lisboa, Armando de | ||
| 245 | |a Empresa ciudadana: |b nueva metamorfosis del capital? / |c Armando de Meio Lisboa | ||
| 520 | |a Discute la emergencia de un compromiso ético por parte del capital, enfocando en particular la actuación social de las grandes empresas y sus fundaciones. Doc/PAG | ||
| 650 | |a ORGANIZACIONES SIN FINES DE LUCRO | ||
| 650 | |a EMPRESAS | ||
| 650 | |a EMPRESARIOS | ||
| 650 | |a ORGANIZACIONES NO GUBERNAMENTALES | ||
| 650 | |a CAPITAL | ||
| 773 | |g número 92; páginas 28-40 | ||
| 999 | |c 30957 |d 30957 | ||
| 773 | 0 | |0 41641 |9 2529 |a Departamento Ecuménico de Investigaciones (DEI) |d San José, Costa Rica Departamento Ecuménico de Investigaciones (DEI) |o 20167 |t Pasos / | |
